000 01917cam a2200169 4500500
005 20260208025058.0
041 _afre
042 _adc
100 1 0 _aSuárez Muller, Fernando
_eauthor
245 0 0 _aArthur Schopenhauer, Le Monde comme volonté et comme représentation, traduction de A. Burdeau, préface de Clément Rosset, édition de poche corrigée par Richard Roos, Paris, PUF, 2003, coll. « Quadrige », 1 472 p. / Jean Lefranc, Comprendre Schopenhauer, Paris, Armand Colin, 2002, 186 p. / Nicoletta De Cian, Redenzione, colpa, salvezza. All’origine della filosofia di Schopenhauer, Trente, Verifiche, 2002, XX-289 p. / L’édition de poche du Monde comme volonté et comme représentation offre au public français, dans une version revue et modernisée par Richard Roos, la fameuse traduction de Burdeau, dont Nietzsche a fait l’éloge, de l’une des premières œuvres modernes où le Dieu classique est réduit à un « Dieu-Volonté », encore omniprésent et tout-puissant, mais dont le fond est irrationnel et insondable.
260 _c2005.
500 _a74
520 _aLettres inédites de Théodule Ribot à Henri Piéron Édition et présentation des lettres (1902-1916) du psychologue fondateur de la Revue philosophique, Théodule Ribot, au jeune Henri Piéron, qui deviendra par la suite une figure centrale de la psychologie scientifique française.
520 _aUnpublished letters from Théodule Ribot to Henri Piéron Edition and presentation of the letters (1902-1916) of Théodule Ribot, the psychologist founder of the Revue philosophique, to the young Henri Piéron, who will later become a central figure of French scientific psychology.
786 0 _nRevue philosophique de la France et de l'étranger | 130 | 3 | 2005-09-01 | p. 357t-432t | 0035-3833
856 4 1 _uhttps://shs.cairn.info/revue-philosophique-2005-3-page-357t?lang=fr&redirect-ssocas=7080
999 _c1661848
_d1661848